[Event "III Torneo Internazionale"]
[Site "Ischia ITA"]
[Date "1996.06.10"]
[Round "4"]
[White "Ftacnik, Lubomir"]
[Black "Romanishin, Oleg M."]
[Result "1/2-1/2"]
[WhiteElo "2585"]
[BlackElo "2590"]
[PlyCount "56"]
[EventDate "1996.06.07"]

1. d4 Nf6 2. Nf3 e6 3. c4 b6 4. g3 Ba6 5. b3 Bb7 6. Bg2 Bb4+ 7. Bd2 Be7 8. O-O
O-O 9. Nc3 Na6 10. Ne5 Bxg2 11. Kxg2 Qb8 12. e4 Qb7 13. Qf3 d6 14. Nd3 Rad8 15.
d5 c6 16. b4 c5 17. bxc5 Nxc5 18. Nb4 Nfd7 19. Nc6 Rde8 20. Bf4 Nb8 21. e5 dxe5
22. Nxe7+ Qxe7 23. Bxe5 Nbd7 24. Bd4 e5 25. Rfe1 Qd8 26. Bxc5 Nxc5 27. Ne4 Nxe4
28. Qxe4 f5 1/2-1/2

[Event "III Torneo Internazionale"]
[Site "Ischia ITA"]
[Date "1996.06.10"]
[Round "4"]
[White "Gofshtein, Leonid D."]
[Black "Sadler, Matthew D."]
[Result "0-1"]
[WhiteElo "2540"]
[BlackElo "2600"]
[PlyCount "70"]
[EventDate "1996.06.07"]

1. d4 d5 2. c4 c6 3. Nf3 Nf6 4. Nc3 dxc4 5. a4 Bf5 6. e3 e6 7. Bxc4 Bb4 8. O-O
Nbd7 9. Qe2 O-O 10. e4 Bg6 11. Bd3 Bh5 12. Bf4 Qe7 13. e5 Nd5 14. Nxd5 cxd5 15.
Qe3 Rfc8 16. a5 Bg6 17. Ra4 Bxd3 18. Qxd3 Rc4 19. h4 h6 20. h5 Nc5 21. dxc5
Rxf4 22. a6 bxa6 23. c6 a5 24. Rc1 Rc8 25. b3 Rc7 26. Rc2 Re4 27. Ra1 Bc5 28.
Rxa5 Rxc6 29. Rb5 Qc7 30. Ra2 Bb6 31. Kh2 Rc3 32. Qd2 Qc6 33. Rxb6 axb6 34. Nd4
Rh4+ 35. Kg1 Rc1+ 0-1

[Event "III Torneo Internazionale"]
[Site "Ischia ITA"]
[Date "1996.06.10"]
[Round "4"]
[White "Tseitlin, Mark D."]
[Black "Godena, Michele"]
[Result "1/2-1/2"]
[WhiteElo "2545"]
[BlackElo "2485"]
[PlyCount "85"]
[EventDate "1996.06.07"]

1. e4 e5 2. Nf3 Nc6 3. Bb5 a6 4. Ba4 Nf6 5. O-O b5 6. Bb3 Bc5 7. Nxe5 Nxe5 8.
d4 Bxd4 9. Qxd4 d6 10. f4 c5 11. Qc3 Neg4 12. e5 c4 13. exf6 O-O 14. Qd4 Qxf6
15. Qxf6 Nxf6 16. Nd2 cxb3 17. Nxb3 Bb7 18. Bd2 Rac8 19. c3 Rfe8 20. Rfe1 Ne4
21. Be3 b4 22. cxb4 Rc2 23. Bd4 Nf6 24. Bxf6 Rxe1+ 25. Rxe1 gxf6 26. g3 Rxb2
27. Nd4 h5 28. a3 Rg2+ 29. Kf1 Rxh2 30. Re8+ Kh7 31. Rd8 Ra2 32. Rxd6 Rxa3 33.
Rd7 Be4 34. Rxf7+ Kg6 35. Rf8 Rd3 36. Rd8 Rd2 37. Ke1 Rb2 38. Rb8 Bd5 39. Rb6
Bc4 40. Rb7 Rg2 41. Rc7 Bd3 42. Rc3 Bb5 43. Rc8 1/2-1/2

[Event "III Torneo Internazionale"]
[Site "Ischia ITA"]
[Date "1996.06.11"]
[Round "5"]
[White "Godena, Michele"]
[Black "Smirin, Ilia"]
[Result "1/2-1/2"]
[WhiteElo "2485"]
[BlackElo "2615"]
[PlyCount "65"]
[EventDate "1996.06.07"]

1. e4 c5 2. c3 d6 3. d4 Nf6 4. Bd3 cxd4 5. cxd4 e5 6. Nf3 Bg4 7. Qa4+ Nfd7 8.
Nbd2 Nc6 9. h3 Bxf3 10. Nxf3 exd4 11. Bb5 Be7 12. Bxc6 bxc6 13. Nxd4 Bf6 14.
O-O O-O 15. Nxc6 Qe8 16. Na5 Nc5 17. Qxe8 Rfxe8 18. f3 Nd3 19. Rd1 Nxc1 20.
Raxc1 Bxb2 21. Rc6 Be5 22. Nc4 Bg3 23. Nxd6 Red8 24. Rd5 g6 25. Nb5 Rab8 26. a4
a6 27. Nc3 Rxd5 28. exd5 Rb2 29. Kf1 Rf2+ 30. Kg1 Rd2 31. Kf1 Rf2+ 32. Kg1 Rd2
33. Kf1 1/2-1/2

[Event "III Torneo Internazionale"]
[Site "Ischia ITA"]
[Date "1996.06.11"]
[Round "5"]
[White "Romanishin, Oleg M."]
[Black "Gofshtein, Leonid D."]
[Result "1/2-1/2"]
[WhiteElo "2590"]
[BlackElo "2540"]
[PlyCount "93"]
[EventDate "1996.06.07"]

1. d4 Nf6 2. Nf3 g6 3. g3 Bg7 4. Bg2 O-O 5. O-O d5 6. c4 c6 7. Bf4 Qb6 8. Qc1
Bf5 9. c5 Qa6 10. Nc3 b6 11. cxb6 axb6 12. Bh6 Nbd7 13. Bxg7 Kxg7 14. Nh4 Be6
15. Qd2 Rfd8 16. h3 Ne8 17. Rfc1 Rac8 18. Nf3 h6 19. b3 Nd6 20. Qb2 Kh7 21. Re1
c5 22. Red1 Nf6 23. Rac1 Nde4 24. dxc5 bxc5 25. Nxe4 Nxe4 26. Ne5 Nf6 27. Nd3
c4 28. Nf4 d4 29. bxc4 Rxc4 30. Rxc4 Bxc4 31. Rxd4 Rxd4 32. Qxd4 Bxa2 33. e4
Qd6 34. Qb2 Qd1+ 35. Kh2 Bb3 36. Qe5 Qd7 37. Qc5 Ne8 38. e5 Ng7 39. Qb4 Be6 40.
g4 Qc7 41. Qe4 Bb3 42. Qe3 Ba2 43. Ne2 Ne6 44. f4 Qc5 45. Qxc5 Nxc5 46. Kg3 Kg7
47. Kf2 1/2-1/2

[Event "III Torneo Internazionale"]
[Site "Ischia ITA"]
[Date "1996.06.12"]
[Round "6"]
[White "Gofshtein, Leonid D."]
[Black "Hodgson, Julian M."]
[Result "1-0"]
[WhiteElo "2540"]
[BlackElo "2615"]
[PlyCount "67"]
[EventDate "1996.06.07"]

1. d4 d5 2. c4 c6 3. Nf3 Nf6 4. Nc3 a6 5. Ne5 b5 6. cxd5 cxd5 7. Bf4 e6 8. e3
Nbd7 9. Bd3 Nxe5 10. Bxe5 Nd7 11. Bg3 Nb6 12. O-O Bd7 13. e4 b4 14. Ne2 dxe4
15. Bxe4 Ra7 16. Nf4 Be7 17. Qf3 Nc4 18. d5 e5 19. Ne6 fxe6 20. dxe6 Bxe6 21.
Bc6+ Bd7 22. Bd5 Nd6 23. Bxe5 Rf8 24. Qe3 Qb8 25. Rfe1 Kd8 26. Rad1 Re8 27. Bf7
Rf8 28. Bb3 Rb7 29. Bxg7 Re8 30. Be5 Rb6 31. Bf7 Rf8 32. Bd4 Nc8 33. Bxb6+ Qxb6
34. Be6 1-0

[Event "III Torneo Internazionale"]
[Site "Ischia ITA"]
[Date "1996.06.12"]
[Round "6"]
[White "Khenkin, Igor"]
[Black "Godena, Michele"]
[Result "1-0"]
[WhiteElo "2575"]
[BlackElo "2485"]
[PlyCount "121"]
[EventDate "1996.06.07"]

1. d4 d5 2. c4 e6 3. Nc3 Bb4 4. a3 Bxc3+ 5. bxc3 Ne7 6. e3 O-O 7. Bd3 c5 8. Nf3
h6 9. O-O Qc7 10. Qe2 Nd7 11. a4 Re8 12. e4 dxe4 13. Qxe4 Ng6 14. Re1 Nf6 15.
Qe3 cxd4 16. cxd4 Ng4 17. Qd2 Nh4 18. Ne5 Nxe5 19. Rxe5 Bd7 20. Bb2 Ng6 21. Re4
e5 22. dxe5 Bf5 23. Rd4 Bxd3 24. Rxd3 Nxe5 25. Rd4 f6 26. Rd1 Re7 27. Ba3 Rf7
28. Qc2 Re8 29. h3 Nc6 30. Re4 Rxe4 31. Qxe4 Qe5 32. Qd5 Qe2 33. Rd3 Qe1+ 34.
Kh2 Qxf2 35. Bd6 Qe2 36. Rb3 Nd8 37. Bc7 Ne6 38. Rxb7 Kh7 39. Bg3 Rxb7 40. Qxb7
Qxc4 41. Qxa7 Qe2 42. Qd7 f5 43. Qd6 Qe4 44. Qe5 Qxe5 45. Bxe5 Nc5 46. a5 g5
47. Bd6 Na6 48. Kg3 Kg6 49. Kf3 Kf6 50. Ke3 Ke6 51. Bf8 h5 52. Kd4 f4 53. Ke4
Kf7 54. Bd6 Ke6 55. Ba3 Nc7 56. Bc5 Na6 57. Bb6 Nb8 58. Bd8 g4 59. hxg4 hxg4
60. Kxf4 Kd7 61. Bb6 1-0

[Event "III Torneo Internazionale"]
[Site "Ischia ITA"]
[Date "1996.06.12"]
[Round "6"]
[White "Tseitlin, Mark D."]
[Black "Romanishin, Oleg M."]
[Result "1-0"]
[WhiteElo "2545"]
[BlackElo "2590"]
[PlyCount "160"]
[EventDate "1996.06.07"]

1. d4 Nf6 2. c4 e6 3. Nf3 b6 4. e3 Bb7 5. Bd3 c5 6. O-O d6 7. Nc3 Nbd7 8. Re1
Be7 9. b3 a6 10. Bb2 O-O 11. Rc1 g6 12. Rc2 Re8 13. Rd2 Qc7 14. d5 e5 15. e4
Nh5 16. g3 Rf8 17. Rc2 Rae8 18. Bc1 Bc8 19. Bh6 Ng7 20. g4 Nf6 21. h3 Kh8 22.
Ne2 Ng8 23. Bxg7+ Kxg7 24. Ng3 h6 25. Kg2 Nf6 26. a3 Rh8 27. Kh2 Nh7 28. b4 Ng5
29. Ng1 Bd8 30. Rb2 Qe7 31. bxc5 bxc5 32. Qd2 Qf6 33. Kg2 Bc7 34. f3 Qd8 35.
Reb1 Nh7 36. Rb3 Nf6 37. Rf1 Qe7 38. Bc2 Ref8 39. f4 exf4 40. Qxf4 Nd7 41. Nf3
Qf6 42. Qxf6+ Nxf6 43. e5 dxe5 44. Nd2 Nd7 45. Nde4 a5 46. Bd3 Ba6 47. d6 Bd8
48. Rfb1 Bh4 49. Rb6 Ra8 50. Rc6 Rhd8 51. Rc7 Bc8 52. Ne2 Nf6 53. Nxf6 Bxf6 54.
Be4 Ra6 55. Bd5 Raxd6 56. Rxf7+ Kh8 57. Nc3 Bg7 58. Rb8 Rf6 59. Ra7 Rff8 60.
Ne4 Bf5 61. Rxd8 Bxe4+ 62. Bxe4 Rxd8 63. Bxg6 Bf6 64. Rxa5 Rd4 65. Rxc5 e4 66.
Kf1 e3 67. Ke2 Bg5 68. Bd3 Rd8 69. a4 Kg7 70. Rf5 Rb8 71. Rb5 Rf8 72. Bf5 Rd8
73. Rb2 Rd4 74. Rc2 Rf4 75. Kd3 Rf1 76. c5 Rd1+ 77. Ke2 Rh1 78. c6 Rh2+ 79. Kf3
e2 80. Rxe2 Rxh3+ 1-0

[Event "III Torneo Internazionale"]
[Site "Ischia ITA"]
[Date "1996.06.13"]
[Round "7"]
[White "Ftacnik, Lubomir"]
[Black "Gofshtein, Leonid D."]
[Result "1-0"]
[WhiteElo "2585"]
[BlackElo "2540"]
[PlyCount "111"]
[EventDate "1996.06.07"]

1. d4 Nf6 2. Nf3 g6 3. c4 Bg7 4. Nc3 O-O 5. e4 d6 6. Be2 Bg4 7. Be3 Nfd7 8. Rc1
a6 9. O-O c5 10. d5 Bxf3 11. gxf3 b5 12. cxb5 axb5 13. Bxb5 f5 14. exf5 Rxf5
15. f4 Nf6 16. Ne2 Rxd5 17. Bc4 e6 18. Bxd5 Nxd5 19. Nc3 Nxc3 20. bxc3 Nc6 21.
Qf3 Qc7 22. Rc2 Rb8 23. Rd1 Ne7 24. Bc1 Nf5 25. Rb2 Re8 26. Bd2 d5 27. Rdb1 Nd6
28. Be1 Qa7 29. Qe2 Bf8 30. Rb6 Qd7 31. Rb8 Rxb8 32. Rxb8 Kf7 33. Qa6 Be7 34.
Qa8 Nf5 35. Rh8 Bd6 36. Qg8+ Kf6 37. Qd8+ Qxd8 38. Rxd8 Bxf4 39. a4 Ke7 40. Rh8
Kd6 41. Rxh7 Kc6 42. Rf7 Be5 43. Bd2 c4 44. f4 Bc7 45. Rf6 Kd6 46. Kf1 Ba5 47.
Ke2 d4 48. cxd4 Nxd4+ 49. Kd1 c3 50. Be3 Nb3 51. Rxg6 Kd5 52. Kc2 Kc4 53. Rxe6
Na1+ 54. Kb1 Nb3 55. Rd6 Bb4 56. Rd7 1-0

[Event "III Torneo Internazionale"]
[Site "Ischia ITA"]
[Date "1996.06.14"]
[Round "8"]
[White "Godena, Michele"]
[Black "Sadler, Matthew D."]
[Result "1/2-1/2"]
[WhiteElo "2485"]
[BlackElo "2600"]
[PlyCount "58"]
[EventDate "1996.06.07"]

1. e4 c5 2. c3 d5 3. exd5 Qxd5 4. d4 Nf6 5. Nf3 Bg4 6. Be2 e6 7. h3 Bh5 8. O-O
Nc6 9. Be3 cxd4 10. Nxd4 Bxe2 11. Qxe2 Be7 12. Rd1 O-O 13. Nd2 Rfd8 14. N2f3 a6
15. c4 Qe4 16. Nxc6 Qxc6 17. b3 h6 18. Kf1 Qc7 19. Bd4 Nd7 20. Bb2 a5 21. Rd2
a4 22. Rad1 axb3 23. axb3 Nc5 24. Rxd8+ Rxd8 25. Rxd8+ Qxd8 26. Qc2 Qb6 27. Nd2
Qd6 28. Nf3 Qa6 29. Bd4 f6 1/2-1/2

[Event "III Torneo Internazionale"]
[Site "Ischia ITA"]
[Date "1996.06.14"]
[Round "8"]
[White "Tseitlin, Mark D."]
[Black "Ftacnik, Lubomir"]
[Result "0-1"]
[WhiteElo "2545"]
[BlackElo "2585"]
[PlyCount "62"]
[EventDate "1996.06.07"]

1. e4 c5 2. Nf3 d6 3. d4 cxd4 4. Nxd4 Nf6 5. Nc3 a6 6. Be3 e6 7. g4 h6 8. f4
Nc6 9. h3 Be7 10. Qe2 Nxd4 11. Bxd4 Qa5 12. O-O-O e5 13. Be3 Be6 14. Qf2 exf4
15. Bb6 Qg5 16. h4 Qg6 17. Qxf4 Bxg4 18. Rg1 h5 19. Rd2 Rc8 20. Bd3 Nd7 21. Nd5
Bxh4 22. Qh2 Bg5 23. Be3 Ne5 24. Be2 Rh6 25. Nf4 Qxe4 26. Re1 Rxc2+ 27. Rxc2
Qxe3+ 28. Kb1 Qxf4 29. Qg2 Bf5 30. Bxa6 Qd2 31. Bb5+ Kf8 0-1

[Event "III Torneo Internazionale"]
[Site "Ischia ITA"]
[Date "1996.06.15"]
[Round "9"]
[White "Romanishin, Oleg M."]
[Black "Godena, Michele"]
[Result "1/2-1/2"]
[WhiteElo "2590"]
[BlackElo "2485"]
[PlyCount "25"]
[EventDate "1996.06.07"]

1. e4 e5 2. Nf3 Nc6 3. Bb5 a6 4. Ba4 Nf6 5. O-O b5 6. Bb3 Bc5 7. d3 d6 8. c3
Bb7 9. Be3 Bxe3 10. fxe3 O-O 11. Nbd2 Ne7 12. Qe1 Ng6 13. Qg3 1/2-1/2

[Event "I Open"]
[Site "Senigallia ITA"]
[Date "1996.05.19"]
[Round "1"]
[White "Amaranto, Luca"]
[Black "Drasko, Milan"]
[Result "1/2-1/2"]
[WhiteElo "1813"]
[BlackElo "2505"]
[PlyCount "68"]
[EventDate "1996.05.19"]

1.e4 e6 2.d4 d5 3.Nc3 Bb4 4.e5 Ne7 5.a3 Bxc3+ 6.bxc3 c5 7.Nf3 b6 8.Bd3 Ba6
9.O-O h6 10.Be3 Bxd3 11.Qxd3 Nd7 12.a4 O-O 13.a5 cxd4 14.cxd4 Nc6 15.axb6 
Nxb6 16.Nd2 f5 17.exf6 Qxf6 18.c4 Qf5 19.Qxf5 exf5 20.cxd5 Nxd5 21.Nf3 a5 
22.Rfc1 Ncb4 23.Rc5 a4 24.Bd2 a3 25.Bxb4 Nxb4 26.Rb5 Rfb8 27.Rxa3 Rxa3 28.
Rxb8+ Kf7 29.h3 Nd5 30.Ne5+ Kf6 31.Rf8+ Ke6 32.Re8+ Kf6 33.Rf8+ Ke6 34.
Re8+ Kf6 1/2-1/2

[Event "I Open"]
[Site "Senigallia ITA"]
[Date "1996.05.19"]
[Round "1"]
[White "Antoniacci, Riccardo"]
[Black "Mrdja, Milan"]
[Result "0-1"]
[WhiteElo "1525"]
[BlackElo "2450"]
[PlyCount "59"]
[EventDate "1996.05.19"]

1.e4 c5 2.Nc3 Nc6 3.g3 g6 4.Bg2 Bg7 5.f4 e6 6.Nf3 Nge7 7.d3 O-O 8.O-O d6 
9.Bd2 Rb8 10.Rb1 b5 11.Ne2 b4 12.c4 d5 13.Be3 Qb6 14.b3 Bb7 15.cxd5 exd5 
16.Rc1 d4 17.Bd2 Rbc8 18.f5 gxf5 19.exf5 Nxf5 20.Bh3 Nce7 21.Ng5 Nd6 22.
Bxc8 Rxc8 23.Nf4 h6 24.Nf3 Nb5 25.Nh5 Nc3 26.Qe1 Ng6 27.Nxg7 Kxg7 28.Ne5 
Re8 29.Qf2 Nxe5 30.Qf4 0-1

[Event "I Open"]
[Site "Senigallia ITA"]
[Date "1996.05.19"]
[Round "1"]
[White "Bonanate, Armando"]
[Black "Nurkic, Sahbaz"]
[Result "0-1"]
[WhiteElo "1650"]
[BlackElo "2365"]
[PlyCount "80"]
[EventDate "1996.05.19"]

1.e4 g6 2.c4 Bg7 3.g3 c5 4.Nc3 Nc6 5.Bg2 d6 6.a3 Nf6 7.h3 h5 8.d3 a6 9.Rb1
Rb8 10.Nge2 Bd7 11.Bg5 Qc8 12.Bxf6 exf6 13.Nd5 b5 14.b3 O-O 15.b4 Re8 16.
bxc5 dxc5 17.f4 b4 18.Qc1 a5 19.Kf2 a4 20.Qe3 Ne7 21.axb4 Nxd5 22.cxd5 
cxb4 23.Rhc1 Qd8 24.Nd4 h4 25.Nc6 Bxc6 26.dxc6 hxg3+ 27.Kxg3 Qc7 28.d4 g5 
29.Kg4 f5+ 30.Kxf5 Qc8+ 31.Kxg5 Qe6 32.Kh4 Qg6 33.e5 Bf6+ 34.exf6 Rxe3 35.
c7 Rc8 36.Rc5 Qxb1 37.Bb7 Qe1+ 38.Kh5 Rxh3+ 39.Kg4 Rg3+ 40.Kh5 Qe2+ 0-1

[Event "I Open"]
[Site "Senigallia ITA"]
[Date "1996.05.19"]
[Round "1"]
[White "Borgo, Giulio"]
[Black "Briffault, Philippe"]
[Result "1-0"]
[WhiteElo "2400"]
[BlackElo "1678"]
[PlyCount "61"]
[EventDate "1996.05.19"]

1.e4 Nf6 2.e5 Nd5 3.d4 d6 4.Bc4 c6 5.Qe2 dxe5 6.dxe5 g6 7.h3 Bg7 8.Nf3 O-O
9.O-O b5 10.Bb3 Qc7 11.c4 bxc4 12.Bxc4 e6 13.Re1 Nd7 14.Nbd2 a5 15.Qe4 Ba6
16.Bxa6 Rxa6 17.Nc4 N7b6 18.Bd2 Nxc4 19.Qxc4 Raa8 20.Bc3 Nb6 21.Qe4 Nd5 
22.Bd2 Rfb8 23.b3 Rb5 24.Rac1 Nb4 25.Rc4 Rd5 26.Rec1 Nd3 27.Rxc6 Qd7 28.
Rd6 Qb5 29.Nd4 Rxe5 30.Qxa8+ Bf8 31.Bh6 1-0

[Event "I Open"]
[Site "Senigallia ITA"]
[Date "1996.05.19"]
[Round "1"]
[White "Cetkovic, Sergio"]
[Black "Komarov, Dimitri"]
[Result "0-1"]
[WhiteElo "1815"]
[BlackElo "2530"]
[PlyCount "50"]
[EventDate "1996.05.19"]

1.e4 c5 2.c3 e6 3.d4 d5 4.exd5 exd5 5.Nf3 Nc6 6.Be3 c4 7.b4 Bd6 8.g3 Bf5 
9.Bg2 Bd3 10.Bf1 Bxf1 11.Kxf1 Qd7 12.Kg2 Nf6 13.Nbd2 O-O 14.h3 Rae8 15.Bg5
Ne4 16.Nxe4 dxe4 17.Nd2 b5 18.Be3 f5 19.a4 a6 20.Qe2 Ne7 21.axb5 axb5 22.
Nf1 Nd5 23.Bd2 f4 24.Qg4 Qb7 25.Rg1 e3 0-1

[Event "I Open"]
[Site "Senigallia ITA"]
[Date "1996.05.19"]
[Round "1"]
[White "Djuric, Stefan"]
[Black "Pizzi, Mario"]
[Result "1-0"]
[WhiteElo "2515"]
[BlackElo "1800"]
[PlyCount "97"]
[EventDate "1996.05.19"]

1.d4 f5 2.Nc3 Nf6 3.d5 d6 4.Bg5 Nbd7 5.Nh3 Ne4 6.Nxe4 fxe4 7.Qd4 Nf6 8.
Bxf6 exf6 9.Qxe4+ Be7 10.Nf4 O-O 11.h4 Re8 12.e3 Bf8 13.Qf3 a6 14.O-O-O 
Bd7 15.Bd3 Re5 16.g4 Qc8 17.Rdg1 c5 18.c3 c4 19.Bc2 b5 20.g5 f5 21.h5 Rb8 
22.Ng6 b4 23.Nxe5 dxe5 24.cxb4 c3 25.Rh4 cxb2+ 26.Kb1 e4 27.Rxe4 fxe4 28.
Qxe4 Bf5 29.Qxf5 Qxf5 30.Bxf5 Rxb4 31.Rg4 Rxg4 32.Be6+ Kh8 33.Bxg4 Ba3 34.
Be6 g6 35.h6 a5 36.e4 Bd6 37.Kxb2 Bf4 38.Kc3 Bxg5 39.Kc4 Bxh6 40.Kb5 Bf4 
41.Kxa5 Kg7 42.Kb6 Kf6 43.a4 Be5 44.a5 Bd4+ 45.Kc7 Bxf2 46.a6 h5 47.d6 
Kxe6 48.d7 Bg3+ 49.Kc6 1-0

[Event "I Open"]
[Site "Senigallia ITA"]
[Date "1996.05.19"]
[Round "1"]
[White "Efimov, Igor"]
[Black "Guglielmi, Giuseppe"]
[Result "1-0"]
[WhiteElo "2455"]
[BlackElo "1701"]
[PlyCount "113"]
[EventDate "1996.05.19"]

1.e4 c5 2.Nf3 e6 3.d4 cxd4 4.Nxd4 Nf6 5.Nc3 Nc6 6.Ndb5 d6 7.Bf4 e5 8.Bg5 
a6 9.Bxf6 gxf6 10.Na3 Be6 11.Nc4 f5 12.exf5 Bxf5 13.Ne3 Bg6 14.h4 h5 15.
Bd3 Bh6 16.Bxg6 fxg6 17.Qd3 Ne7 18.Ne4 Qa5+ 19.c3 O-O-O 20.b4 Qc7 21.Nd5 
Nxd5 22.Qxd5 Qc6 23.Rd1 Qxd5 24.Rxd5 Kc7 25.Ke2 Rd7 26.Rhd1 Rhd8 27.a4 Bf8
28.c4 Be7 29.g3 b6 30.R1d3 Kc6 31.b5+ axb5 32.cxb5+ Kb7 33.a5 Ka7 34.a6 
Kb8 35.Rd2 Bf8 36.Rd1 Be7 37.R1d3 Bf8 38.Rf3 Bg7 39.Rc3 Bf8 40.Rc6 Rc7 41.
Rxb6+ Ka7 42.Rb7+ Rxb7 43.axb7 Kxb7 44.Nc5+ Kb6 45.Ne6 Re8 46.Nxf8 Rxf8 
47.Rxd6+ Kxb5 48.Rxg6 Kc5 49.Rg5 Kd4 50.Rxh5 Ra8 51.Rf5 Ke4 52.g4 Kd4 53.
h5 Ra2+ 54.Kf1 e4 55.h6 e3 56.fxe3+ Kxe3 57.h7 1-0

[Event "I Open"]
[Site "Senigallia ITA"]
[Date "1996.05.19"]
[Round "1"]
[White "Fico, Massimiliano"]
[Black "Bussoli, Sauro"]
[Result "1/2-1/2"]
[WhiteElo "2315"]
[BlackElo "1672"]
[PlyCount "40"]
[EventDate "1996.05.19"]

1.e4 d5 2.exd5 Qxd5 3.Nc3 Qa5 4.d4 Bf5 5.Nf3 Nd7 6.Bd2 e6 7.Bc4 c6 8.Qe2 
O-O-O 9.O-O Qc7 10.Ne5 Nxe5 11.dxe5 Bc5 12.Bg5 Ne7 13.Ne4 Bxe4 14.Qxe4 h6 
15.Be3 Qb6 16.Bxc5 Qxc5 17.Rad1 Rxd1 18.Rxd1 Rd8 19.Rxd8+ Kxd8 20.Kf1 Nf5 
1/2-1/2

[Event "I Open"]
[Site "Senigallia ITA"]
[Date "1996.05.19"]
[Round "1"]
[White "Luciani, Valerio"]
[Black "Letter, Giovanni"]
[Result "1-0"]
[WhiteElo "2155"]
[BlackElo "1600"]
[PlyCount "141"]
[EventDate "1996.05.19"]

1.d4 Nf6 2.c4 e6 3.g3 d5 4.Bg2 Ne4 5.Nf3 Bb4+ 6.Bd2 Be7 7.O-O Nd7 8.Qc2 c6
9.Rd1 h5 10.h4 g5 11.hxg5 Nxg5 12.Bxg5 Bxg5 13.Nxg5 Qxg5 14.Nd2 Nf6 15.b4 
Bd7 16.a4 Qg7 17.Nf3 Rg8 18.Ra3 Ne4 19.Nh4 f5 20.Qc1 Qg5 21.Qxg5 Rxg5 22.
cxd5 exd5 23.Nf3 Rg7 24.Ne5 Ke7 25.Bxe4 fxe4 26.Kg2 h4 27.Nxd7 Kxd7 28.Rh1
hxg3 29.Rxg3 Rf7 30.Rh5 Raf8 31.f3 exf3+ 32.exf3 Re8 33.Re5 Rh8 34.b5 Rfh7
35.Kf2 Rf7 36.Reg5 Rh2+ 37.Rg2 Rh3 38.R5g3 Rhh7 39.bxc6+ bxc6 40.Ke3 Re7+ 
41.Kd3 Rh1 42.Rg1 Rh2 43.Rg7 Re2 44.Rxe7+ Rxe7 45.Rg3 Kc7 46.a5 Kb7 47.Kc3
Ka6 48.Kb4 Re6 49.Rg7 Rf6 50.Rc7 Rxf3 51.Rxc6+ Kb7 52.Rd6 Rf1 53.Rxd5 Kc6 
54.Rc5+ Kd6 55.Rh5 Rc1 56.Rh7 Kd5 57.Rd7+ Ke4 58.Kb5 Rc2 59.Rxa7 Kxd4 60.
Rd7+ Ke5 61.a6 Ke6 62.Rd8 Ke7 63.Rd4 Rb2+ 64.Rb4 Ra2 65.Kb6 Kd7 66.Kb7 Rc2
67.a7 Rc7+ 68.Ka6 Rc6+ 69.Rb6 Rc8 70.Rb8 Kc7 71.Rxc8+ 1-0

[Event "I Open"]
[Site "Senigallia ITA"]
[Date "1996.05.19"]
[Round "1"]
[White "Miatello, Alberto"]
[Black "Zappi, Adriano"]
[Result "1-0"]
[WhiteElo "1794"]
[BlackElo "1570"]
[PlyCount "99"]
[EventDate "1996.05.19"]

1.e4 c5 2.Nf3 d6 3.d4 cxd4 4.Nxd4 Nf6 5.Nc3 a6 6.Bc4 e6 7.Bb3 Be7 8.f4 Qc7
9.Qf3 Nc6 10.Be3 Na5 11.f5 Nxb3 12.axb3 e5 13.Nde2 Qc6 14.g4 h6 15.h4 b5 
16.g5 hxg5 17.hxg5 Rxh1+ 18.Qxh1 Ng8 19.Qh8 Kf8 20.f6 gxf6 21.gxf6 Bxf6 
22.Bh6+ Ke7 23.Qxg8 Be6 24.Qg2 b4 25.Nd5+ Bxd5 26.exd5 Qxc2 27.Rc1 Bh4+ 
28.Kf1 Qf5+ 29.Kg1 Kd7 30.Rc4 Be1 31.Qg4 Bf2+ 32.Kg2 Qxg4+ 33.Rxg4 Bc5 34.
Rg7 Ke7 35.Bg5+ Kf8 36.Bf6 Ra7 37.Rh7 Ke8 38.Rh8+ Kd7 39.Rf8 Kc7 40.Rxf7+ 
Kb6 41.Rxa7 Kxa7 42.Kf3 Kb6 43.Ke4 Bf2 44.Be7 Kc7 45.Kd3 Bc5 46.Kc4 Kb6 
47.Nc1 a5 48.Nd3 e4 49.Nxc5 dxc5 50.Bxc5+ 1-0

[Event "I Open"]
[Site "Senigallia ITA"]
[Date "1996.05.19"]
[Round "1"]
[White "Mircoli, Filippo"]
[Black "Lagrotteria, Salvatore"]
[Result "0-1"]
[WhiteElo "1600"]
[BlackElo "2150"]
[PlyCount "86"]
[EventDate "1996.05.19"]

1.e4 c5 2.Nf3 Nc6 3.d4 cxd4 4.Nxd4 Nf6 5.Nc3 d6 6.Be2 e5 7.Ndb5 a6 8.Na3 
b5 9.Nab1 Bb7 10.Bg5 Be7 11.Bxf6 Bxf6 12.Nd5 Rc8 13.c3 O-O 14.Bg4 Rb8 15.
Nd2 g6 16.Nxf6+ Qxf6 17.O-O Rbd8 18.Qc2 Qf4 19.Bh3 Ne7 20.g3 Qh6 21.Bg2 
Rc8 22.Rfe1 Nc6 23.Rad1 f5 24.Qd3 Rf6 25.Nf1 f4 26.Qd2 g5 27.Qe2 Rcf8 28.
f3 g4 29.Qd2 gxf3 30.Bxf3 fxg3 31.Qxh6 Rxh6 32.Re3 gxh2+ 33.Nxh2 Rg6+ 34.
Kf2 Ne7 35.Ke2 Rf4 36.Red3 Bxe4 37.Rxd6 Bxf3+ 38.Nxf3 Rg2+ 39.Kf1 Rg3 40.
Ke2 Rgxf3 41.Rxa6 Rf2+ 42.Ke3 Nf5+ 43.Kd3 e4# 0-1

[Event "I Open"]
[Site "Senigallia ITA"]
[Date "1996.05.19"]
[Round "1"]
[White "Nagni, Marco"]
[Black "Tortarolo, Massimiliano"]
[Result "0-1"]
[WhiteElo "1606"]
[BlackElo "2235"]
[PlyCount "46"]
[EventDate "1996.05.19"]

1.d4 Nf6 2.c4 g6 3.Nc3 d5 4.cxd5 Nxd5 5.Nf3 Bg7 6.Qb3 Nxc3 7.bxc3 O-O 8.e3
c5 9.Ba3 cxd4 10.cxd4 Nc6 11.Be2 Qa5+ 12.Kf1 Be6 13.Qd3 Rac8 14.Bb2 Nb4 
15.Bc3 Bc4 16.Bxb4 Qxb4 17.Qd2 Qa4 18.g3 Bxe2+ 19.Qxe2 Rc2 20.Qd1 Rfc8 21.
Kg2 Qa3 22.Ng5 Qxe3 23.Qf3 Qxg5 0-1

[Event "I Open"]
[Site "Senigallia ITA"]
[Date "1996.05.19"]
[Round "1"]
[White "Pantaleoni, Leone"]
[Black "Ortega, Lexy"]
[Result "0-1"]
[WhiteElo "1714"]
[BlackElo "2490"]
[PlyCount "90"]
[EventDate "1996.05.19"]

1.e4 c5 2.Nf3 d6 3.d4 cxd4 4.Nxd4 Nf6 5.Nc3 a6 6.Be2 e6 7.Bg5 Be7 8.Qd2 b5
9.a3 Bb7 10.f3 Nbd7 11.O-O Rc8 12.Rae1 O-O 13.Bd3 Re8 14.Be3 Ne5 15.h3 Nc4
16.Bxc4 Rxc4 17.Qd3 Nd7 18.Nb3 Ne5 19.Qe2 Rc8 20.Nd2 Qc7 21.Qf2 Ng6 22.g3 
Ne5 23.Bd4 Nc6 24.Bb6 Qb8 25.Nb3 Ba8 26.Kg2 Bf6 27.Nd1 b4 28.axb4 Nxb4 29.
Na1 d5 30.Re2 dxe4 31.fxe4 Rc4 32.Nc3 h5 33.Be3 Qb7 34.Bd2 Bxc3 35.Bxc3 
Rxe4 36.Kh2 Rxe2 37.Qxe2 Nd5 38.Be5 f6 39.Bf4 Qxb2 40.Qxh5 Rc8 41.Qe2 e5 
42.Bd2 Qb7 43.c4 Ne7 44.g4 Qc7 45.Bb4 e4+ 0-1

[Event "I Open"]
[Site "Senigallia ITA"]
[Date "1996.05.19"]
[Round "1"]
[White "Perini, Gianna"]
[Black "Giacometti, Franco"]
[Result "0-1"]
[WhiteElo "1537"]
[BlackElo "1953"]
[PlyCount "88"]
[EventDate "1996.05.19"]

1.d4 Nf6 2.c4 g6 3.Nc3 d5 4.cxd5 Nxd5 5.e4 Nxc3 6.bxc3 Bg7 7.Nf3 c5 8.Bb2 
Qa5 9.Bc4 cxd4 10.Nxd4 O-O 11.O-O Nd7 12.Qe2 Ne5 13.Bb3 a6 14.Rac1 Qc5 15.
Kh1 b5 16.f4 Nc4 17.Bxc4 bxc4 18.Rfd1 Rb8 19.Nf3 Bg4 20.Rd5 Qc7 21.h3 Bxf3
22.gxf3 Qxf4 23.Rf1 e6 24.Rd7 Qh4 25.Qg2 Bh6 26.Ba3 Rfd8 27.Be7 Qxe7 28.
Rxe7 Rd2 29.Qg3 Rbb2 30.Re8+ Bf8 31.Rb8 Rxa2 32.Rfb1 Kg7 33.Qe5+ f6 34.
Qc7+ Kh6 35.Rxf8 e5 36.Qxc4 Rh2+ 37.Kg1 Rag2+ 38.Kf1 Kg5 39.Rb6 Kh4 40.
Rbxf6 Kg3 41.Ke1 Rc2 42.Qd3 Rc1+ 43.Qd1 Rh1+ 44.Ke2 Rcxd1 0-1

[Event "I Open"]
[Site "Senigallia ITA"]
[Date "1996.05.19"]
[Round "1"]
[White "Pierbattisti, Giorgio"]
[Black "Stantic, Severino"]
[Result "0-1"]
[WhiteElo "1654"]
[BlackElo "2030"]
[PlyCount "80"]
[EventDate "1996.05.19"]

1.d4 f5 2.Nf3 Nf6 3.Bg5 e6 4.Nbd2 c5 5.c3 Be7 6.Bxf6 gxf6 7.e4 fxe4 8.Nxe4
cxd4 9.Nxd4 O-O 10.Qb3 d5 11.Ng3 Nc6 12.O-O-O Qd6 13.Kb1 Bd7 14.Be2 Kh8 
15.Rhe1 Nxd4 16.Rxd4 b5 17.Bf3 Bc6 18.Rh4 Rf7 19.Qc2 f5 20.Rh6 Rf6 21.Rxf6
Bxf6 22.Qd2 Bd7 23.Nh5 Qf8 24.Qf4 Rc8 25.Nxf6 Qxf6 26.Qd6 Rd8 27.Qc7 Bc8 
28.Bxd5 exd5 29.Re7 Rf8 30.Rxh7+ Kg8 31.Rh3 Re8 32.Rg3+ Kf8 33.Rh3 f4 34.
Qc5+ Kf7 35.Qxd5+ Be6 36.Qb7+ Re7 37.Rh7+ Kf8 38.Qb8+ Re8 39.Qd6+ Kg8 40.
Qc7 Bf5+ 0-1

[Event "I Open"]
[Site "Senigallia ITA"]
[Date "1996.05.19"]
[Round "1"]
[White "Rago, Riccardo"]
[Black "Brumat, Giorgio"]
[Result "1-0"]
[WhiteElo "2230"]
[BlackElo "1828"]
[PlyCount "43"]
[EventDate "1996.05.19"]

1.e4 e5 2.Nf3 Nc6 3.Bc4 Bc5 4.O-O Nf6 5.c3 Nxe4 6.d4 exd4 7.cxd4 Bb6 8.Re1
d5 9.Bxd5 Qxd5 10.Nc3 Qf5 11.Rxe4+ Be6 12.Bg5 Nxd4 13.Nxd4 Bxd4 14.Qxd4 
Qxg5 15.f4 Qg6 16.Nd5 Rd8 17.Nxc7+ Ke7 18.Qc5+ Kf6 19.f5 Qxf5 20.Rf1 Rd1 
21.Rxe6+ fxe6 22.Qxf5+ 1-0